Т. 5 : Театр и драматургия; Собрание сочинений

Библиографические подробности
Источник:Собрание сочинений: пер. с фр./ Д. Дидро. Т. 5 : Театр и драматургия.— , 1935-1947
Язык:русский
Опубликовано: Москва, Academia, 1936
Предметы:
Формат: Книга
Запись в KOHA:https://koha.lib.tpu.ru/cgi-bin/koha/opac-detail.pl?biblionumber=356936

MARC

LEADER 00000nam2a2200000 4500
001 356936
005 20231102010936.0
035 |a (RuTPU)RU\TPU\retro\14196 
090 |a 356936 
100 |a 20200724d1936 m y0rusy50 ca 
101 1 |a rus  |c fre 
102 |a RU 
105 |a a z 001zy 
200 0 |a Т. 5 : Театр и драматургия 
210 |a Москва  |a Ленинград  |c Academia  |d 1936 
215 |a 659 с.  |c ил. 
320 |a Перечень иллюстраций: с. 655-656 
461 1 |0 (RuTPU)RU\TPU\retro\16340  |t Собрание сочинений  |o пер. с фр.  |o в 10 т.  |f Д. Дидро  |v Т. 5 : Театр и драматургия  |d 1935-1947  |s Французская литература 
606 1 |a Дидро,Дени  |x Французский философ  |2 stltpush  |3 (RuTPU)RU\TPU\subj\9462  |9 36706 
610 1 |a французская философия 
610 1 |a театр 
610 1 |a драматургия 
610 1 |a эстетические системы 
610 1 |a эстетические взгляды 
610 1 |a буржуазный реализм 
610 1 |a художественная культура 
610 1 |a 18 век 
610 1 |a искусство 
610 1 |a правдивость 
686 |a Ю3(4Фр)5  |v LBC/SL-A  |2 rubbk 
801 1 |a RU  |b 63413507  |c 20200724 
801 2 |a RU  |b 63413507  |c 20200911  |g RCR 
942 |c BK